Lei de organización i atribuciones de los tribunales

Salvato in:
Dettagli Bibliografici
Natura: Libro
Lingua:spagnolo
Pubblicazione: Santiago, Chile Imprenta de la República 1875
Soggetti:
Accesso online:Acceso texto completo
Tags: Aggiungi Tag
Nessun Tag, puoi essere il primo ad aggiungerne!!

MARC

LEADER 00000cam a2200000 a 4500
001 UCS3342
003 CL-VaPUC
005 20211126200023.0
008 970620e18750000CL |||||||||||||||||spa|d
999 |c 261082  |d 261080 
040 |c Pontificia Universidad Católica de Valparaíso 
082 0 4 |a 347.012 LEI 1875  |2 21 
245 1 0 |a Lei de organización i atribuciones de los tribunales 
260 |a Santiago, Chile   |b Imprenta de la República  |c 1875 
300 |a 150 páginas  
583 |a last modification  |c 20131009 09:54:53  |k Rodrigo Vera 
600 0 7 |2 CL-VaPUC  |9 389044 
610 0 |a Corte Suprema   |9 857198 
650 7 |a LEY DE ORGANIZACION Y ATRIBUCIONES  |2 CL-VaPUC  |9 352923  |z CHILE  
650 0 |a Tribunales  |9 254872 
650 0 |a Poder judicial  |9 254871 
852 |a BIBCUR 
856 |u http://opac.pucv.cl/pucv_txt/Txt-3000/UCS3342_01.pdf  |z Acceso texto completo  
942 |c BK  |2 ddc 
945 |d 19970620 00:00:00  |a lriquelm 
952 |0 0  |1 0  |2 ddc  |4 0  |5 1  |6 347_012000000000000_LEI_1875  |7 1  |8 C_LRYV  |9 287876  |a FDOBRV  |b BIBDER  |d 2019-11-19  |i 1868012  |o 347.012 LEI 1875  |p 1868012  |r 2023-01-25  |w 2019-11-19  |y BK_X  |k BRV 
952 |0 0  |1 0  |2 ddc  |4 0  |5 1  |6 347_012000000000000_LEI_1875  |7 1  |8 C_LRYV  |9 287877  |a FDOBRV  |b BIBDER  |d 2019-11-19  |i 1892770  |o 347.012 LEI 1875  |p 1892770  |r 2023-01-25  |w 2019-11-19  |y BK_X  |k BRV 
952 |0 0  |1 0  |2 ddc  |4 0  |5 1  |6 347_012000000000000_LEI_1875  |7 1  |8 C_LRYV  |9 287878  |a FDOBRV  |b BIBDER  |d 2019-11-19  |i 1955462  |o 347.012 LEI 1875  |p 1955462  |r 2023-01-25  |w 2019-11-19  |y BK_X  |k BRV 
952 |0 0  |1 0  |2 ddc  |3 erd  |4 0  |5 1  |6 347_012000000000000_LEI_1875  |7 1  |8 C_LRYV  |9 287879  |a FDOBRV  |b BIBDER  |d 2019-11-19  |i 502045K  |o 347.012 LEI 1875  |p 502045K  |r 2023-01-25  |w 2019-11-19  |y BK_X  |z Catalogado en:20131011  |k BRV 
952 |0 0  |1 0  |2 ddc  |3 erd  |4 0  |5 1  |6 347_012000000000000_LEI_1875  |7 1  |8 C_LRYV  |9 287880  |a FDOBRV  |b BIBDER  |d 2019-11-19  |i 5020476  |o 347.012 LEI 1875  |p 5020476  |r 2023-01-25  |w 2019-11-19  |y BK_X  |z Catalogado en:20131011  |k BRV 
952 |0 0  |1 0  |2 ddc  |3 erd  |4 0  |5 1  |6 347_012000000000000_LEI_1875  |7 1  |8 C_LRYV  |9 287881  |a FDOBRV  |b BIBDER  |d 2019-11-19  |i 5020484  |o 347.012 LEI 1875  |p 5020484  |r 2023-01-25  |w 2019-11-19  |y BK_X  |z Catalogado en:20131011  |k BRV 
952 |0 0  |1 0  |2 ddc  |3 erd  |4 0  |5 1  |6 347_012000000000000_LEI_1875  |7 1  |8 C_LRYV  |9 287882  |a FDOBRV  |b BIBDER  |d 2019-11-19  |i 5020468  |o 347.012 LEI 1875  |p 5020468  |r 2023-01-25  |w 2019-11-19  |y BK_X  |z Catalogado en:20131011  |k BRV